000 01213nam a2200325 i 4500
001 000004177
003 DO-SdBPM
005 20260324115853.0
006 a||||gr|||| 00| 0
007 ta
008 090720t2006 dr a 000 f spa d
020 _a9993430986
040 _aDO-SdBPM
_bspa
_cBPMSU
_erda
_d
082 0 4 _aRD866.4
_bR696c 2006
_222
100 1 _aRodríguez Demorizi, Emilio,
_d1908-1986
_eautor
_4aut.
100 z _aDemorizi, Emilio Rodríguez,
_d1908-1986
245 1 0 _aCartas a Silveria /
_cEmilio Rodríguez Demorizi
264 4 _aSanto Domingo :
_bBanco Central de la República Dominicana,
_c2006.
300 _a179 [4] páginas :
_bilustraciones, retratos ;
_c23 cm.
336 _2rdacontent
_atexto
_btxt
337 _2rdamedia
_asin mediación
_bn
338 _2rdacarrier
_avolumen
_bnc
490 0 _aArte y Literatura,
_v36
500 _aIncluye datos biográficos del autor en la solapa de la cubierta.
590 _aInventariado, 2026 / VM
600 1 7 _aRodríguez Demorizi, Emilio,
_d1908-1986
_vCorrespondencias, memorias, etc.
650 7 _aAutores dominicanos
_ySiglo XXI
_vCorrespondencias, memorias, etc.
910 _aVMateo V. Control de calidad. BPMSU
942 _2ddc
_cBK
999 _c15767
_d15767